| 000 | 02816nam a2200313 a 4500 | ||
|---|---|---|---|
| 001 | BRCA_2473 | ||
| 005 | 20190320203827.0 | ||
| 008 | 201108s1833----sp-#---###---#000-0#spa-u | ||
| 041 | _aspa | ||
| 044 | _asp | ||
| 084 |
_a113 _b.A38 _c1833 |
||
| 100 | 1 |
_aCervantes Saavedra, Miguel de _d1547-1616 _9213 |
|
| 245 | 1 | 0 |
_aEl Ingenioso Hidalgo Don Quijote de la Mancha _ccompuesto por Miguel de Cervantes Saavedra. |
| 260 |
_aMadrid _bD. E. Aguado _c1833 |
||
| 300 |
_a6 v. _c22 cm. |
||
| 500 | _aContenido : v 1. Primera parte. Prólogo por Diego Clemencín. Dedicatoria del autor. Prólogo del autor. Versos preliminares. Texto. -- v 2. Texto. -- v 3. Texto. -- v 4. Segunda parte. Dedicatoria del autor. Prólogo del autor. Texto. -- v 5. Texto. -- v 6. Texto. Variantes de la edición académica de 1819. Comentario de Clemencín. Texto | ||
| 500 | _aEl comentario de Clemencín que acompaña esta edición es uno de los más extensos en cuanto al número de notas. Conocedor, mucho más que Pellicer, de las obras y de los autores coetáneos de Cervantes, Clemencín pecó de demasiado prolijo y extenso, en muchos aspectos superfluo, y hasta injusto con Cervantes. En suma, el Comentario de Clemencín aún hoy día figura en primera línea en cuanto a notas referentes a los libros de caballería que conocía como nadie; las notas históricas y las literarias, representan una síntesis de cuanto acerca de estos temas se conocía en la época de su autor; las relativas a filología, son hoy por hoy inaceptables, pues quería Clemencín que Cervantes, viviendo en los siglos XVI y XVII, escribiera en el estilo y lenguaje del XIX; y las concernientes al enfoque ideológico y político, son para aquellas fechas históricas, del todo anticuadas, dado que en pleno siglo diecinueve, consideraba la gran novela como una simple y sencilla burla de los libros caballerescos y nada más. Pero, a pesar de tales defectos, sus notas han sido y serán últiles a cuantos han comentado o intenten comentar y analizar el Quijote. Además del comentario de Clemencín, contiene el prólogo del mismo por Alberto Lista, y retrato del anotador. La impresión y el papel son excelentes. Semipiel; lomos con adornos dorados Lúdovik Osterc | ||
| 500 | _aEstado físico : Recuperación física en 2008 | ||
| 500 | _aQM93 | ||
| 650 | 1 | 4 |
_aNovela española _yÉpoca clásica, 1500-1700 _9215 |
| 650 | 1 | 4 |
_aLiteratura española _yÉpoca clásica, 1500-1700 _9216 |
| 650 | 1 | 4 |
_aNovela española _ySiglo XVII _9217 |
| 650 | 1 | 4 |
_aDon Quijote (Personaje ficticio) _eNovela _9218 |
| 700 | 1 |
_aClemencín y Viñas, Diego _d1785-1834 _eAnotador _97170 |
|
| 700 | 1 |
_aRodriguez de Lista y Aragón, Alberto _d1775-1848 _eProloguista _97171 |
|
| 740 | 0 | _aEl Ingenioso Hidalgo Don Quijote de la Mancha | |
| 902 | _aQFM | ||
| 942 |
_2lcc _cB |
||
| 999 |
_c2214 _d2214 |
||